Filmographie Martin Scorsese - Statistiques

Statistiques générales
  • Ce quiz a été pris 138 fois
  • Le résultat moyen est 15 sur 26
Statistiques - réponses
Année Films % Correct
1990 Les Affranchis
88%
1976 Taxi Driver
88%
2013 Le Loup de Wall Street
86%
1995 Casino
84%
2023 Killers of the Flower Moon
83%
2006 Les Infiltrés
81%
1980 Raging Bull
81%
2010 Shutter Island
79%
2019 The Irishman
79%
2002 Gangs of New York
72%
2004 Aviator
68%
1973 Mean Streets
66%
2016 Silence
56%
2011 Hugo Cabret
50%
1983 La Valse des pantins
46%
1991 Les Nerfs à vif
46%
1977 New York, New York
45%
1988 La Dernière Tentation du Christ
43%
1985 After Hours
38%
1999 À tombeau ouvert
32%
1997 Kundun
29%
1986 La Couleur de l'argent
28%
1993 Le Temps de l'innocence
28%
1967 Who's That Knocking at My Door
28%
1974 Alice n'est plus ici
27%
1972 Bertha Boxcar
23%
Aucun quiz correspondant
Distribution des résultats
% des personnes avec chaque résultat
Percentile par nombre de réponses
Votre historique - résultats
Vous n’avez pas pris ce quiz